Geostatistics for estimating fish abundance
Đã lưu trong:
| 主要作者: | |
|---|---|
| 格式: | 圖書 |
| 語言: | Undetermined |
| 出版: |
Oxford
Blackwell Science
2000
|
| 主題: | |
| 標簽: |
添加標簽
沒有標簽, 成為第一個標記此記錄!
|
| Thư viện lưu trữ: | Trung tâm Học liệu Trường Đại học Cần Thơ |
|---|
| LEADER | 00560nam a2200205Ia 4500 | ||
|---|---|---|---|
| 001 | CTU_69192 | ||
| 008 | 210402s9999 xx 000 0 und d | ||
| 020 | |b 56 | ||
| 082 | |a 333.95 | ||
| 082 | |b R626 | ||
| 100 | |a Rivoirard, J. | ||
| 245 | 0 | |a Geostatistics for estimating fish abundance | |
| 245 | 0 | |c J. Rivoirard | |
| 260 | |a Oxford | ||
| 260 | |b Blackwell Science | ||
| 260 | |c 2000 | ||
| 650 | |a Fish stock assessment,Geology | ||
| 650 | |x Statistical methods | ||
| 904 | |i Trúc Phương | ||
| 980 | |a Trung tâm Học liệu Trường Đại học Cần Thơ | ||